[Event "Luxembourg-ch"]
[Site "Luxembourg"]
[Date "1999.04.11"]
[Round "9"]
[White "Schumacher, Alain"]
[Black "Heyar, Fred"]
[Result "1-0"]
[WhiteElo "1685"]
[BlackElo "1617"]
[PlyCount "71"]
[EventDate "1999.04.03"]
[EventType "swiss"]
[EventRounds "9"]
[EventCountry "LUX"]
[SourceTitle "EXT 2005"]
[Source "ChessBase"]
[SourceDate "2004.11.15"]
[SourceVersion "1"]
[SourceVersionDate "2004.11.15"]
[SourceQuality "1"]

1. g3 d6 2. Bg2 e5 3. e3 g6 4. b3 Bg7 5. Bb2 Nf6 6. h3 Nbd7 7. Ne2 d5 8. d3 c6 9. Nd2 Qc7 10. Nc3 Nb6 11. Ba3 Be6 12. 0-0 Nc8 13. e4 d4 14. Na4 Nd7 15. Nf3 Bh6 16. Bc1 Bxc1 17. Qxc1 f6 18. Qh6 Nd6 19. b4 0-0-0 20. c4 dxc3 21. Nxc3 Nf7 22. Qd2 Nb6 23. Qc2 Kb8 24. a4 h5 25. a5 Nd7 26. Rfc1 a6 27. Qb2 Nd6 28. b5 Nc5 29. bxa6 Nxa6 30. Nd5 Bxd5 31. exd5 c5 32. Bf1 Ka7 33. d4 exd4 34. Nxd4 Rb8 35. Bxa6 Kxa6 36. Ne6 1-0

[Event "Luxembourg-ch"]
[Site "Luxembourg"]
[Date "1999.04.09"]
[Round "7"]
[White "Gnad, Gunnar"]
[Black "Schumacher, Alain"]
[Result "1-0"]
[WhiteElo "1962"]
[BlackElo "1685"]
[PlyCount "123"]
[EventDate "1999.04.03"]
[EventType "swiss"]
[EventRounds "9"]
[EventCountry "LUX"]
[SourceTitle "EXT 2005"]
[Source "ChessBase"]
[SourceDate "2004.11.15"]
[SourceVersion "1"]
[SourceVersionDate "2004.11.15"]
[SourceQuality "1"]

1. c4 g6 2. Nc3 Bg7 3. d4 e6 4. Nf3 Ne7 5. e3 d6 6. Be2 Nd7 7. Qc2 b6 8. b4 Bb7 9. Bb2 0-0 10. Rd1 Rb8 11. 0-0 Qe8 12. a3 Nf6 13. Nb5 Bc6 14. Nc3 d5 15. b5 Bb7 16. c5 c6 17. cxb6 axb6 18. a4 cxb5 19. axb5 Rc8 20. Qb3 Qd8 21. Rc1 Bh6 22. Ba3 Re8 23. Na2 Nf5 24. Ne5 Ne4 25. Rxc8 Bxc8 26. Bc1 Qh4 27. Qd1 Bb7 28. f4 Qd8 29. Bd3 Qa8 30. Nb4 Nfd6 31. g4 Qa5 32. Nbc6 Bxc6 33. Nxc6 Qc3 34. Qe2 Ra8 35. Bb2 Qd2 36. Qxd2 Nxd2 37. Ra1 Rxa1+ 38. Bxa1 N6c4 39. Bc3 Nf3+ 40. Kg2 Nh4+ 41. Kg3 g5 42. Bxc4 dxc4 43. Ne7+ Kf8 44. Nc8 Ng6 45. fxg5 Bxg5 46. Nxb6 Bxe3 47. Nxc4 Bf4+ 48. Kg2 Ke8 49. h3 Ne7 50. Kf3 Kd8 51. Kxf4 Nd5+ 52. Ke5 Nxc3 53. b6 Nb5 54. Nd6 f6+ 55. Kxe6 Nxd4+ 56. Kxf6 Kd7 57. Nc4 Kc6 58. g5 Kc5 59. b7 Nc6 60. Ne5 Nb8 61. Kg7 Kb6 62. Kxh7 1-0

[Event "Luxembourg-ch"]
[Site "Luxembourg"]
[Date "1999.04.05"]
[Round "3"]
[White "Daubenfeld, Gilles"]
[Black "Schumacher, Alain"]
[Result "1-0"]
[WhiteElo "1867"]
[BlackElo "1685"]
[PlyCount "57"]
[EventDate "1999.04.03"]
[EventType "swiss"]
[EventRounds "9"]
[EventCountry "LUX"]
[SourceTitle "EXT 2005"]
[Source "ChessBase"]
[SourceDate "2004.11.15"]
[SourceVersion "1"]
[SourceVersionDate "2004.11.15"]
[SourceQuality "1"]

1. e4 g6 2. d4 Bg7 3. Nc3 e6 4. Be3 Ne7 5. Qd2 d6 6. f3 Nd7 7. 0-0-0 h6 8. Bc4 0-0 9. Bxh6 Nb6 10. Bb3 d5 11. Bxg7 Kxg7 12. e5 a5 13. a3 Bd7 14. g4 Rh8 15. h4 Nc4 16. Qf4 Ng8 17. h5 g5 18. Qg3 b5 19. Bxc4 bxc4 20. f4 Nh6 21. Nf3 gxf4 22. Qxf4 Qe7 23. Nh4 Rh7 24. g5 Nf5 25. h6+ Kg8 26. Nxf5 exf5 27. Nxd5 Qf8 28. Nf6+ Kh8 29. Nxd7 1-0

[Event "Luxembourg-ch"]
[Site "Luxembourg"]
[Date "1999.04.03"]
[Round "1"]
[White "Jongsma, Daan"]
[Black "Schumacher, Alain"]
[Result "1-0"]
[WhiteElo "2042"]
[BlackElo "1685"]
[PlyCount "45"]
[EventDate "1999.04.03"]
[EventType "swiss"]
[EventRounds "9"]
[EventCountry "LUX"]
[SourceTitle "EXT 2005"]
[Source "ChessBase"]
[SourceDate "2004.11.15"]
[SourceVersion "1"]
[SourceVersionDate "2004.11.15"]
[SourceQuality "1"]

1. e4 d5 2. exd5 Qxd5 3. Nc3 Qd8 4. Nf3 Nf6 5. Bc4 e6 6. 0-0 Be7 7. d4 0-0 8. Re1 c6 9. Ne5 Nd5 10. Nxd5 exd5 11. Bd3 f5 12. Bf4 Bg5 13. Qf3 Bxf4 14. Qxf4 Qf6 15. Re3 g5 16. Rg3 h6 17. h4 g4 18. f3 h5 19. Rf1 Kg7 20. fxg4 hxg4 21. Nxg4 fxg4 22. Rxg4+ Bxg4 23. Qxg4+ 1-0

[Event "LUX-chABC"]
[Site "Dudelange"]
[Date "1998.04.16"]
[Round "6.31"]
[White "Kremer, Nicolas"]
[Black "Schumacher, Alain"]
[Result "0-1"]
[WhiteElo "1545"]
[BlackElo "1740"]
[PlyCount "96"]
[EventDate "1998.04.11"]
[EventType "swiss"]
[EventRounds "9"]
[EventCountry "LUX"]
[SourceTitle "EXT 2013"]
[Source "ChessBase"]
[SourceDate "2012.11.22"]
[SourceVersion "1"]
[SourceVersionDate "2012.11.22"]
[SourceQuality "1"]

1. e4 c6 2. d4 d5 3. e5 Bf5 4. Bd3 Qc8 5. Nf3 g6 6. Nc3 Nh6 7. Ne2 Bg7 8. Ng3 Bg4 9. h3 Bxf3 10. Qxf3 0-0 11. Bd2 e6 12. 0-0 Nf5 13. Nxf5 exf5 14. Qg3 Qe6 15. Qh4 Nd7 16. Rfe1 c5 17. c3 c4 18. Bc2 b5 19. b4 cxb3 20. axb3 Nb6 21. Ra6 Qd7 22. Bg5 Rfe8 23. Raa1 Re6 24. Re3 a5 25. Rf3 a4 26. g4 fxg4 27. Qxg4 a3 28. b4 Nc4 29. Bb3 Ra7 30. h4 f6 31. Bxf6 Bxf6 32. Rxf6 Rxf6 33. Qxd7 Rxd7 34. exf6 Nd2 35. Rxa3 Ne4 36. Bc2 Nxf6 37. Bd3 Rc7 38. f3 Rb7 39. Ra5 Rc7 40. Ra3 Rb7 41. Kf2 Kg7 42. Kg3 Kh6 43. Kf4 Ne8 44. Ke5 Nc7 45. Ra1 Rb6 46. Ra7 Rc6 47. Ra3 Kh5 48. f4 Re6# 0-1

[Event "Luxembourg op"]
[Site "Luxembourg"]
[Date "1996.??.??"]
[Round "9"]
[White "Bishop, Peter"]
[Black "Schumacher, Alain"]
[Result "1-0"]
[WhiteElo "1945"]
[BlackElo "1685"]
[PlyCount "116"]
[EventDate "1996.??.??"]
[EventType "swiss"]
[EventRounds "9"]
[EventCountry "LUX"]
[SourceTitle "EXT 2005"]
[Source "ChessBase"]
[SourceDate "2004.11.15"]
[SourceVersion "1"]
[SourceVersionDate "2004.11.15"]
[SourceQuality "1"]

1. d4 d5 2. e4 b6 3. exd5 Qxd5 4. Be2 Qd7 5. Nc3 a6 6. Bf4 e6 7. Bf3 Ra7 8. Nge2 Bb7 9. Bxb7 Rxb7 10. 0-0 Nf6 11. Re1 Be7 12. Ng3 Qd8 13. d5 Nxd5 14. Nxd5 Qxd5 15. Qxd5 exd5 16. Nf5 c5 17. Bxb8 Kf8 18. Bd6 Bxd6 19. Nxd6 Rb8 20. Nf5 g6 21. Ne3 d4 22. Nc4 Kg7 23. a4 Rhd8 24. Rad1 b5 25. axb5 axb5 26. Ne5 Rb6 27. Kf1 h5 28. Ra1 Re6 29. f4 c4 30. Ra7 Kg8 31. Nf3 d3 32. cxd3 Rxd3 33. Rxe6 fxe6 34. Ke2 Rb3 35. Ra2 Kg7 36. Nd4 Rb4 37. Kd2 c3+ 38. Kxc3 Rc4+ 39. Kd3 Kf6 40. b3 Rc5 41. Ra5 Rc1 42. Rxb5 Rg1 43. Rg5 e5 44. Nf3 Rb1 45. fxe5+ Kg7 46. Nd2 Ra1 47. Nc4 Rh1 48. h3 Kh6 49. Rg3 Rb1 50. Ke4 h4 51. Re3 Rg1 52. Re2 Rb1 53. Nd2 Rb2 54. e6 Kg7 55. Rf2 Rc2 56. e7 Rc8 57. Rf8 Rxf8 58. exf8Q+ Kxf8 1-0